000 00896nam a2200253Ia 4500
003 OSt
005 20220923220210.0
006 a|||||r|||| 00| 0
007 ta
008 220922b |||||||| |||| 00| 0 hin d
024 _a184,945
037 _cTextual
040 _aARTS
_cARTS
_bhin
041 _2hin
_ahin
082 _aO152,2:g(NT), M4
100 _aपालीवाल, रीता रानी
245 0 _aरंगमंच और जयशंकर प्रसाद के नाटक
246 _aRangahincha aur jayashankar prasād ke nāṭaka
260 _aदिल्ली
_b साहित्य प्रकाशन
_c1984
300 _a352 पृ.
_ccm.
650 _aहिन्दी साहित्य
_9156264
942 _hO152,2:g(NT), M4
_cTEXL
_2CC
999 _c338202
_d338202